UBT Library

Soil mineral-organic matter-microorganism interactions and ecosystem health : (Record no. 41212)

000 -LEADER
fixed length control field 01025cam a22002774a 4500
001 - CONTROL NUMBER
control field 12787161
005 - DATE AND TIME OF LATEST TRANSACTION
control field 20180130033047.0
008 - FIXED-LENGTH DATA ELEMENTS--GENERAL INFORMATION
fixed length control field 020523s2002 ne ab b 101 0 eng
010 ## - LIBRARY OF CONGRESS CONTROL NUMBER
LC control number 2002072154
020 ## - INTERNATIONAL STANDARD BOOK NUMBER
International Standard Book Number 0444510389 (alk. paper : vol. 28A)
020 ## - INTERNATIONAL STANDARD BOOK NUMBER
International Standard Book Number 0444510397 (alk. paper : vol. 28B)
020 ## - INTERNATIONAL STANDARD BOOK NUMBER
International Standard Book Number 0444510400 (alk. paper : set)
022 0# - INTERNATIONAL STANDARD SERIAL NUMBER
International Standard Serial Number 0166-2481
040 ## - CATALOGING SOURCE
Original cataloging agency DLC
Transcribing agency DLC
Modifying agency DLC
-- WaU
-- DLC
041 ## - LANGUAGE CODE
Language code of text/sound track or separate title eng
042 ## - AUTHENTICATION CODE
Authentication code pcc
080 ## - UNIVERSAL DECIMAL CLASSIFICATION NUMBER
Universal Decimal Classification number 631.41
082 00 - DEWEY DECIMAL CLASSIFICATION NUMBER
Classification number 631.41 VIO
Edition number 21
100 ## - Rafti
Rafti 41
101 ## - Shkurtesa
Shkurtesa GJEO
245 10 - TITLE STATEMENT
Title Soil mineral-organic matter-microorganism interactions and ecosystem health :
Statement of responsibility, etc edited by A. Violante ... [et al.].
504 ## - BIBLIOGRAPHY, ETC. NOTE
Bibliography, etc Includes bibliographical references and index.
906 ## - LOCAL DATA ELEMENT F, LDF (RLIN)
a 7
b cbc
c orignew
d 1
e ocip
f 20
g y-gencatlg
942 ## - ADDED ENTRY ELEMENTS (KOHA)
Source of classification or shelving scheme
Item type Books
Holdings
Withdrawn status Lost status Source of classification or shelving scheme Damaged status Not for loan Collection code Permanent location Current location Shelving location Date acquired Total Checkouts Full call number Barcode Date last seen Price effective from Koha item type
          Koleksioni i përgjithshem UBT - Lipjan UBT - Lipjan Koleksioni i lëndeve mesimore 01/30/2018   631.41 VIO 002-2996721 01/30/2018 01/30/2018 Books
UBT Library © 2015-2024. All rights reserved University Education for Business and Technology